Jóvenes entre el centro y la periferia de la ciudad, del estado y de la academia (Registro nro. 36015)
[ vista simple ]
| 000 -LEADER | |
|---|---|
| fixed length control field | 00403 a2200109 4500 |
| 001 - CONTROL NUMBER | |
| control field | ART_46161 |
| 005 - DATE AND TIME OF LATEST TRANSACTION | |
| control field | 20260410162053.0 |
| 008 - FIXED-LENGTH DATA ELEMENTS--GENERAL INFORMATION | |
| fixed length control field | 260409a |
| 100 1# - MAIN ENTRY--PERSONAL NAME | |
| Personal name | Chaves, Mariana |
| 245 10 - TITLE STATEMENT | |
| Title | Jóvenes entre el centro y la periferia de la ciudad, del estado y de la academia |
| 773 0# - HOST ITEM ENTRY | |
| Title | Ciudadanías |
| Related parts | De ciudades, poblaciones, problemas y políticas - Nº 1 (ene./jun. 2017) |
| Record control number | REV46126 |
No hay ítems disponibles.